Statistics for Musical Instruments #3: Woodwind

Click here to take the quiz!

General Stats

  • This quiz has been taken 46 times
    (10 since last reset)
  • The average score is 13 of 35

Answer Stats

Answer% Correct
Flute
100%
Oboe
100%
Bassoon
75%
Clarinet
75%
Pi
75%
Recorder
75%
Alto Flute
63%
Bass Clarinet
63%
Bass Flute
63%
Alto Saxophone
50%
Bass Saxophone
50%
Contrabass Clarinet
50%
Contrabass Flute
50%
Cor Anglais
50%
Piccolo
50%
Soprano Saxophone
50%
Tenor Saxophone
50%
Alto Clarinet
38%
Baritone Saxophone
38%
Contrabassoon
38%
Contrabass Saxophone
38%
Bagpipes
25%
Bass Oboe
13%
Panpipes
13%
Subcontrabass Saxophone
13%
Whistle
13%
Chalumeau
0%
Contralto Clarinet
0%
Double Contrabass Saxophone
0%
Hne
0%
Nose Flute
0%
Oboe D’Amore
0%
Serpent
0%
Shawm
0%
Slide Flute
0%

Score Distribution

Percentile by Number Answered

Percent of People with Each Score

Your Score History

You have not taken this quiz since the last reset